| 000 | 01968nam2a2200325 4500 | ||
|---|---|---|---|
| 001 | RU\NLR\bibl\1438895 | ||
| 005 | 20250615223955.0 | ||
| 010 |
_a978-5-699-37001-6 _92500 |
||
| 021 |
_aRU _b2009-88044 _9400д |
||
| 035 | _a(NLR Aleph) 001430757 | ||
| 090 |
_a1401151 _c1401151 |
||
| 100 | _a20091116d2010 |||y0rusy50 ca | ||
| 101 | 0 | _arus | |
| 102 | _aRU | ||
| 105 | _ay ||||||||| | ||
| 200 | 0 |
_aЧ. 2 _f[Арсланов Камиль Маратович, к.ю.н., доц., Бакунин Сергей Николаевич, к.ю.н., проф., Булыгин Михаил Михайлович, к.ю.н. и др.] |
|
| 210 |
_d2010 _aБ. м. |
||
| 215 | _a702 с. | ||
| 320 | _aБиблиогр. в конце гл. и в подстроч. прим. | ||
| 461 | 0 |
_1001RU\NLR\bibl\1449757 _12001#$aГражданское право$vЧ. 2 _91466400 _cМосква _d2010 _e2-е изд., перераб. и доп. _fБарков Алексей Владимирович - д.ю.н., доц., Иванов Вячеслав Игоревич - к.ю.н., проф., засл. юрист РФ, Камышанский Владимир Павлович - д.ю.н., проф., почет. работник высш. проф. образования РФ] _nЭксмо _oучебник : для студентов высших учебных заведений, обучающихся по специальности 030501.65 "Юриспруденция" : [в 3 ч. _tГражданское право _vЧ. 2 |
|
| 701 | 1 |
_aАрсланов _bК. М. _gКамиль Маратович _4070 |
|
| 701 | 1 |
_4070 _7ca _8rus _aБакунин _bС. Н. _cюрист _gСергей Николаевич _98317 _3RU\NLR\AUTH\7725268 |
|
| 701 | 1 |
_aБулыгин _bМ. М. _gМихаил Михайлович _4070 |
|
| 801 | 0 |
_aRU _bNLR _c20091116 _gRCR |
|
| 801 | 1 |
_aRU _bNLR _c20091116 |
|
| 830 | _aавт. по кн. | ||
| 942 | _cBOOK | ||
| 980 | _aNB | ||